| 000 | 00730nam a2200205 4500 | ||
|---|---|---|---|
| 999 |
_c57088 _d57088 |
||
| 003 | Ge_BSU | ||
| 005 | 20191114144004.0 | ||
| 008 | 191114s2014 en ||||| |||| 00| 0 eng d | ||
| 041 | _aeng | ||
| 080 | _a37.01 E-25 | ||
| 245 |
_aEducation Equity Now ! _bA regional analysis of the situation of out of school children in Central and Eastern Europe and the Commonwealth of Independent States / _cedit. Stephen Boyle. |
||
| 264 |
_aGeneva, _c2014. |
||
| 300 |
_a31 p.: _c28 cm. |
||
| 653 | _aგანათლება | ||
| 653 | _aსკოლა | ||
| 653 | _aG L O BAL INITIATIVE ON OUT OF SCHOOL CHILDREN | ||
| 700 |
_aBoule, Stephen _eრედაქტორი _95344 |
||
| 710 |
_eUNICEF _95343 |
||
| 942 |
_2udc _cBK |
||